Géomorphologie des milieux chauds arides et semi-arides - Statistiques

Statistiques générales
  • Ce quiz a été pris 37 fois
  • Le résultat moyen est 5 sur 15
Statistiques - réponses
Définitions Réponses % Correct
Domaine avec pluie de 50 à 150 mm/an Domaine aride
75%
Domaine avec pluie de 150 à 400 mm/an Domaine semi-aride
75%
Fragmentation mécanique sous l'effet de variation de température répétée et importantes sans intervention de l'eau Thermoclastie
63%
Balayage par vent de débris fins (2,5 mm max). Le sable se déplace par saltation (petits bonds successifs), éléments plus gros par reptation (glissent ou roulent), sables très fin par suspension (restent en l'air). Déflation
38%
Déserts concernés par un relief qui bloque et concentre les précipitations Déserts d'abri
38%
Fragmentation des roches dû à la cristallisation des sels Haloclastie
38%
Attaque de roches par vent armé de matériaux. Rôle de la vitesse du vent fondamental. Quand la hauteur augmente, le vent diminue. Corrasion
25%
Type de déserts engendrés par le jet stream Déserts zonaux
25%
Bassin versant ou l'eau ne rejoint pas la mer ou l'océan. S'écoule vers les lacs, marais ou dépressions fermées. Endoréique
25%
Fleuves d'Afrique du nord des régions semi-désertiques, régime hydrologique irrégulier, rivières spasmodiques, actifs lors de rares précipitations fortes, le plus souvent à sec. Oueds
25%
Pas de réseau hydrographique permanent, l'eau s'évapore, écoulements rares et temporaires, régions arides et désertiques Aréique
13%
Déserts présents au centre d'un continent Déserts d'éloignement
13%
Domaine avec pluie de moins de 50 mm/an Domaine hyperaride
13%
Bassin versant, l'eau s'écoule jusqu'à l'océan ou la mer. Réseau hydrographique défini (fleuves). Exoréique
13%
Déserts engendrés par des causes multiples, plusieurs facteurs Déserts complexes
0%
Aucun quiz correspondant
Distribution des résultats
% des personnes avec chaque résultat
Percentile par nombre de réponses
Votre historique - résultats
Vous n’avez pas pris ce quiz